00485nam a2200157Ia 450000500170000000800410001708200150005810000210007324500240009426000430011830000170016150000340017894200060021295200960021899900130031420250429084130.0240331s9999 xx 000 0 und d a291.5bATH aAthinarayanan, K 0aKaliccol Kotpatukal aChennaibBayoniyer book Servicesc1990 aX, 175 p ., aSaivasithaantha kalai sottkal cL 001040708LaWERCLbWERCLcSSCd2024-03-31l0o 291.5 ATHp837r2024-03-31w2024-03-31yL c966d966